Statistics for Australian Birds by Picture #5

Click here to take the quiz!

General Stats

  • This quiz has been taken 19 times
  • The average score is 8 of 20

Answer Stats

Answer% Correct
Rose Robin
92%
Little Black Cormorant
75%
Australian Owlet-nightjar
67%
Rainbow Pitta
67%
Masked Booby
58%
Pheasant Coucal
58%
Green Pygmy-goose
42%
Long-tailed Finch
42%
Stubble Quail
42%
Yellow-nosed Albatross
42%
Australian Logrunner
33%
Brown Songlark
25%
Collared Sparrowhawk
25%
Little Woodswallow
25%
Roseate Tern
25%
Gibberbird
17%
Metallic Starling
17%
Yellow-breasted Boatbill
17%
Common Greenshank
8%
Hall's Babbler
8%

Score Distribution

Percentile by Number Answered

Percent of People with Each Score

Your Score History

You have not taken this quiz